Gares sur la ligne de Toulouse à Narbonne - Statistiques

Statistiques générales
  • Ce quiz a été pris 117 fois
  • Le résultat moyen est 9 sur 15
Statistiques - réponses
Département Gare % Correct
Aude (11) Narbonne
97%
Haute-Garonne (31) Toulouse-Matabiau
96%
(11) Carcassonne
94%
Aude (11) Castelnaudary
82%
(11) Lézignan-Corbières
82%
(11) Bram
62%
(31) Montaudran
53%
(31) Villefranche-de-Lauragais
53%
(31) Labège-Innopole
44%
(31) Escalquens
40%
(31) Baziège
39%
Haute-Garonne (31) Avignonet
38%
(31) Labège-Village
26%
(31) Villenouvelle
26%
(31) Montlaur
21%
Aucun quiz correspondant
Distribution des résultats
% des personnes avec chaque résultat
Percentile par nombre de réponses
Votre historique - résultats
Vous n’avez pas pris ce quiz